[Event "Benasque op 25th "]
[Site "Benasque"]
[Date "2005.07.08"]
[Round "3"]
[White "Alvarado Sepulveda, Nelson D"]
[Black "Golod, Vitali"]
[Result "0-1"]
[WhiteElo "2324"]
[BlackElo "2582"]
[Annotator "Golod,V"]
[PlyCount "124"]
[EventDate "2005.07.06"]
[EventType "swiss"]
[EventRounds "10"]
[EventCountry "ESP"]
[SourceTitle "CBM 108"]
[Source "ChessBase"]
[SourceDate "2005.09.26"]
[SourceVersion "1"]
[SourceVersionDate "2005.09.26"]
[SourceQuality "1"]

{Before this game, I went on a trip to the old city of Ainsa (about 60 km from
Benasque), which definitely left a mark on my game.} 1. e4 e5 2. Nf3 d6 {
I play this opening very rarely, but this time I chose it to leave my opponent
without his home preparation.} 3. d4 exd4 4. Nxd4 Nf6 5. Nc3 Be7 6. Be2 {
Novelty, from the point of view of my games. Before, this was played against
me:} (6. Nde2 $5 {><d5 ; /\g3,Bg2} O-O (6... c6 $5 7. a4 O-O 8. g3 d5 $1 9.
exd5 $140 Bb4 $44 {For further details you can see comments to game: Berndt,
S-Bacrot,E/Germany,2004/CBM 100(1/2-1/2)(Huzman,A)(28)}) 7. g3 c6 8. Bg2 Nbd7
9. a4 {You can see my annotations to Erenburg,S-Golod,V/ISR,2005/CBM 105(1/2-1/
2)(43)}) 6... O-O 7. O-O Re8 8. f4 Bf8 {I develop my kingside pieces in the
most natural way, and only then will I start thinking about my queenside.} 9.
Bf3 c6 $5 {It's one of numerous options in this position.} (9... c5 $5) 10. Re1
$5 ({On:} 10. Kh1 $5 {Black begins to pressure "e4" pawn.} Na6 {[%csl Re4]
[%cal Ga6c5]}) 10... Nbd7 11. g4 $5 $146 {/\g5 (פf6) Judging from this move,
my opponent had a rather aggressive mood.} ({On:} 11. Be3 $5 {I have found
eleven games in Mega DataBase 2005. For example we shall consider most
interesting of them:} Nc5 12. Bf2 Ne6 13. Qd2 Nxd4 14. Bxd4 Nd7 15. Rad1 Qc7
16. Ne2 b6 17. Ng3 Bb7 18. Bc3 Rad8 19. Nh5 f6 20. Qf2 $14 {Klovans,J-Kolthoff,
S/Leinfelden,2000(1-0)(53)}) ({On:} 11. Kh1 $5 {You can found only six games
in Mega DataBase 2005.}) 11... h6 {I prevent the "g5" threat.} 12. Kh1 {
A bit strange decision. White doesn't know where his king will be safer.} Nc5
13. Bd2 (13. b4 $6 Ne6 14. Nf5 a5 $132) 13... a5 14. Qe2 (14. Nb3 $5 Nxb3 15.
axb3 $13) 14... d5 $5 {It's vital to clear the situation in the center.
Unfortunately, this didn't pass:} (14... Ncxe4 $4 {in view of:} 15. Nxe4 Bxg4 (
15... Nxe4 $143 16. Bxe4 f5 (16... d5 17. Bh7+ Kxh7 18. Qxe8 $18) 17. Bd5+ {
צe8 +-}) 16. Qd3 (16. Nxf6+ $4 Qxf6 17. Qxe8 Rxe8 18. Rxe8 Qxd4 $19 {[%csl
Rd2,Rf3][%cal Gg4f3,Gd4d2]}) 16... Bxf3+ 17. Qxf3 $16) 15. e5 $140 Nfe4 16.
Bxe4 $1 dxe4 $6 {During the game, I didn't see very deep into the position,
and couldn't understand that trading a pair of knights was much stronger:} (
16... Nxe4 17. Nxe4 dxe4 18. Be3 a4 $5 $13) 17. Be3 a4 18. Rad1 (18. Nf5 $5)
18... Qb6 $1 19. Rb1 {A bit strange, but seems that this is the best move.} (
19. b3 $6 Qb4 $36) 19... Qa6 20. Nf5 {Keeping the queens on the board, gave
White the advantage:} (20. Qg2 $5 Qc4 21. Nf5 $14) 20... Qxe2 21. Rxe2 $14 Be6
22. h3 (22. Rd1 $5 {<->d}) 22... b5 23. a3 {White prevent the threat of "b4"
and wants to build his rooks on the "d" file, with the first chance.} ({
Of course, this was too early:} 23. Nd6 $2 Bxd6 24. exd6 Nb7 25. Rd1 b4 $36 26.
d7 $140 Re7 (26... Red8 $2 27. Nxe4 Bd5 28. Bb6 Rxd7 29. Kh2 $14) 27. Nxa4 Rxa4
28. d8=Q+ Nxd8 29. Rxd8+ Kh7 30. Bc5 Rb7 31. a3 bxa3 32. bxa3 Rc4 $15) 23...
Bc4 (23... Rad8 $5 {<->d}) 24. Ree1 (24. Rd2 $142) 24... Rad8 $138 {This is
the time control in the tournament: 1,5 hours for 30 moves and 1 hour to
finish the game.} 25. Rbd1 Ne6 26. Nxe4 $6 {Now was the best time to play the
knight to "d6" :} (26. Nd6 $5 Bxd6 27. exd6 {with obvious positional advantage
for White.}) {[%tqu "En","Find the best continuation for Black?","","","d8d1",
"",10]} 26... Rxd1 27. Rxd1 $140 Be2 $1 {[%csl Rd1,Re4,Rh1][%cal Ge2d1,Ge2f3]
My opponent missed this idea, but he was lucky to find a defense.} (27... Bd5
$6 28. Nfg3 Bc5 29. Bc1 $14) 28. Ned6 (28. Nxh6+ $2 Kh7 (28... gxh6 $2 29. Nf6+
Kh8 30. Rd7 $1 Re7 $140 31. f5 $16) 29. Rd2 Bf3+ 30. Kg1 {[%csl Rf7][%cal
Gf4f5]} Kxh6 31. f5+ Kh7 32. Nd6 Bxd6 33. exd6 Nf8 34. Kf2 Bd5 $17) 28... Bxd1
29. Nxe8 Bxc2 30. Ned6 $138 {The last time trouble move.} (30. Nfd6 $5) 30...
f6 $11 31. Nd4 (31. exf6 $5 gxf6 32. Kg2 $11) 31... fxe5 32. fxe5 Nxd4 33. Bxd4
Bb3 {[%csl Yb3,Gf8][%cal Yb3e6]} 34. Kg2 Be7 {/\Bg5 /^c1-h6} 35. Be3 {My
opponent spent 20 mins thinking about this move, which made me happy to think
he would suddenly get lost in this equal endgame.} Bh4 {I wanted to get my
bishop out, so I could then get my king to "e7".} 36. Nf5 Bd5+ 37. Kh2 Be1 38.
e6 $6 {An incorrect decision.To be frank, I didn't even consider the movement
of this pawn. Now the way for my king is clear!} (38. Nd6 $142 {Now after
"Kf8" white always has"Bc5" ne not letting my king get to "e7".}) 38... Bxe6
39. Ne7+ Kf7 40. Nxc6 Bd5 $15 {Now I have a standard BB advantage in the
endgame.} 41. Nd4 (41. Ne5+ $143 Ke6 42. Nd3 Ba5 43. Nf4+ $140 $6 Ke5 44. Nxd5
Kxd5 $17 {[%csl Ra3,Rb2]}) 41... b4 $1 42. axb4 $6 (42. Nf5 $5 {/\Bd4}) 42...
Bxb4 {Now the "b2" pawn becomes a target.} 43. Kg3 ({Again this deserves
serious attention:} 43. Nf5 $5 {[%cal Ge3d4]}) 43... Be1+ 44. Bf2 (44. Kh2 $5)
44... Bd2 {It's pointless, with the upcoming zeitnot, for my opponent to
exchange the bishops, and simplify the position:} (44... Bxf2+ 45. Kxf2 Kf6 46.
h4 Ke5 47. Ke3 $15) 45. Nf3 Ba5 {/\Bc7+ (עg3)} 46. Bd4 g5 47. Ne5+ $6 {
White slowly, step by step, worsen his position.} (47. Kf2 $142 $15) 47... Ke6
$1 48. Nd3 $140 Bc4 {My opponent missed this move.} 49. Nc5+ $2 {It's already
a decisive mistake!} (49. Nf2 Bc7+ 50. Kf3 Bd5+ 51. Ke2 $15) 49... Kd5 50. Bf2
Bc7+ 51. Kf3 Bb5 52. Ne4 $140 Be5 $19 53. h4 $138 {Now White didn't have any
chances left:} (53. Nc3+ Bxc3 54. bxc3 Kc4 $1 (54... a3 $5 55. c4+ Bxc4 (55...
Kxc4 $144 56. Bg3 Kd5 57. Be1 Bf1 $19) 56. Be1 Bf1 57. h4 (57. Kg3 Kc4 {/\a2})
57... a2 58. Bc3 gxh4 $19) 55. Be3 a3 56. Bc1 a2 57. Bb2 Kb3 58. Ba1 Bc4 $1 59.
Ke3 Kc2 60. Kd4 Kb1 61. Kxc4 Kxa1 62. Kb3 Kb1 $19) (53. Be1 Be2+ $1 54. Kxe2 (
54. Ke3 $144 Bd4+ 55. Kxe2 Kxe4) 54... Kxe4 55. Kd1 Bxb2 56. Kc2 (56. h4 $2 Kd3
$19) 56... Bf6 {/\Kf3-g2 -+}) 53... Bxb2 54. hxg5 hxg5 55. Bc5 ({After:} 55.
Nxg5 a3 {nothing will stop the black pawn!}) 55... Bd3 $1 56. Nf2 Bc2 {I also
saw this, which was winning:} (56... Kxc5 57. Nxd3+ Kd4 58. Nb4 (58. Nxb2 $2 a3
59. Nd1 a2 60. Ne3 Kd3) 58... a3 {/\Kc4} 59. Nc2+ Kd3 60. Nb4+ Kc4 61. Na2 Kb3
$19) 57. Be7 a3 58. Bxa3 Bxa3 {The rest is just a matter of technique.} 59. Nh3
Bc1 60. Nf2 Ke5 61. Nh3 Bd1+ 62. Kg3 Be3 0-1

[Event "ISR-chT"]
[Site "Israel"]
[Date "2005.05.13"]
[Round "11"]
[White "Livshits, Gaby"]
[Black "Golod, Vitali"]
[Result "1/2-1/2"]
[WhiteElo "2398"]
[BlackElo "2586"]
[Annotator "Golod,V"]
[PlyCount "66"]
[EventDate "2005.01.08"]
[EventType "team"]
[EventRounds "11"]
[EventCountry "ISR"]
[SourceTitle "CBM 107"]
[Source "ChessBase"]
[SourceDate "2005.08.01"]
[SourceVersion "1"]
[SourceVersionDate "2005.08.01"]
[SourceQuality "1"]

1. e4 e5 2. Nf3 d6 3. d4 exd4 4. Nxd4 Nf6 5. f3 $5 {><e4, /\c4} ({18 days
before this game, in Sderot Rapid open championship Gaby checked other
continuations with me:} 5. Nc3 Be7 6. Nde2 O-O 7. g3 {and so on.}) 5... d5 $1 {
Otherwise, Black could end up in a positional clip:} (5... Be7 $143 6. c4 O-O
7. Nc3 c6 8. Be3 Re8 9. Qd2 {+/=/= For further information, you can see
comments to Anand,V-Nisipeanu,L/Germany,2004/CBM 105(1-0)(Huzman,A)(27)}) 6. e5
Nfd7 {I thought for very long, but decided not to go to a sharper continuation:
} (6... Nh5 $5 {/\Qh4+ ; /\c5 ~~}) 7. f4 ({This had no sense:} 7. e6 $6 Qe7 8.
Qe2 Nf6 9. exf7+ Kxf7 $11) 7... Nc6 $5 {I created this threat: 8...Ndxe5 9.
fxe5 Qh4+(פd4)} ({This was seen once:} 7... Nb6 $5 {[%cal Gc7c5]}) ({and} 7...
c5) 8. Nf3 $146 (8. Nxc6 $6 bxc6 9. Bd3 Qh4+ 10. g3 Qh3 11. Qf3 Bc5 12. Be3 O-O
13. Nd2 f6 $36 {Rauzer,V-Ilyin Zhenevsky,A/Tbilisi,1937(0-1)(18)}) 8... Nb6 9.
Bd3 $6 {The decision to put the bishop exactly in this spot is a bit strange.
Here it falls under a tempo move. Besides, White had a couple of interesting
alternatives:} (9. a4 $5 {Livshits,G}) ({and} 9. Be3 $5) 9... Nb4 $1 10. Be2 $6
{After the game, Gaby said she had missed my 11th move, but in any case, it
was the consequence of her weak opening game.} (10. O-O $5 Nxd3 $140 11. Qxd3
$13) (10. Bb5+ Bd7 11. Bxd7+ Qxd7 12. a3 Nc6 $11) 10... Bf5 11. Na3 (11. Nd4 $2
Be4 {קg2; /\c5 קc2}) {[%tqu "En","Find the best continuation for Black?","",
"","b6c4","",10]} 11... Nc4 $1 12. Bxc4 $140 $5 ({During home analysis, I have
found an interesting pawn sacrifice:} 12. Nd4 $5 Be4 $140 13. Nxc4 Bxg2 (13...
dxc4 14. Bf3 $1 (14. O-O $2 Bc5 15. Be3 Nd5 $17) 14... Qxd4 15. Qxd4 Nxc2+ 16.
Kf2 Nxd4 17. Bxe4 O-O-O 18. Be3 $44) 14. Rg1 dxc4 (14... Qh4+ $2 15. Kd2 Qxf4+
16. Kc3 Qxh2 17. Ne3 Be4 18. a3 $16) 15. Rxg2 Qxd4 16. Bf3 $1 $44) 12... dxc4
13. Qe2 Bc5 $1 {I don't allow white to castle kingside, my bishops are on
ideal positions, they control important diagonals, and I am forcing my
opponent to take my pawn with his Queen.} 14. Qxc4 $140 (14. Bd2 $2 Qd5 $15 (
14... Bxc2 $4 15. Qxc4 Nd3+ 16. Ke2 Bxa3 17. bxa3 $18 {[%csl Rc2,Rd3][%cal
Yc2d3,Gc4c2,Gc4d3]})) 14... Qd5 {After the queens exchange, White's weaknesses
become more volnurable!} 15. Qxd5 Nxd5 16. Bd2 (16. c4 $6 Nb4 $1 (16... Ne3 $6
17. Bxe3 Bxe3 18. g3 O-O-O 19. Ke2 Bc5 $44) 17. Ke2 $140 Bd3+ 18. Ke1 O-O-O $15
) 16... O-O-O $5 $44 {I didn't want to immediately recapture my pawn sacrifice,
and thus simplify the position:} (16... Bxa3 17. bxa3 Bxc2 18. Kf2 O-O-O 19.
Rac1 {=/=/+}) 17. c3 f6 {It's vital to open the e-file and try to get to the
white king.} (17... Bxa3 $143 18. bxa3 c5 $44) 18. Nb5 $5 {The white knight
hurries to help! It wants to go to d4, where it will cover the weak /^a7-g1.} (
18. b4 $5 Be7 (18... Be3 $5 19. Bxe3 Nxe3 20. Kf2 Nd5 21. Nd4 Be4 $13) 19. Nb5
Bd3 20. Nbd4 fxe5 21. fxe5 Rde8 22. O-O-O c5 $44) (18. Nd4 $6 Be4 {קg2; /\19..
.fxe5 20.fxe5 Rhe8 קe5}) 18... Ne3 $5 {During the game, I understood
perfectly that this was the main alternative.} (18... Rhe8 19. Nbd4 Bg4 (19...
Be4 $6 20. O-O-O {+/=/=}) 20. h3 (20. O-O-O Nb4 $44) 20... Bxf3 21. Nxf3 Bd6
$11) 19. Nbd4 Nc2+ (19... Bxd4 $5 {with the idea to force White to take on d4
with the knight:} 20. Nxd4 $8 Nxg2+ 21. Kf2 c5 (21... Be4 $5 $13) 22. Nxf5
Rxd2+ 23. Kg3 $13) ({Unfortunately, this didn't pass:} 19... Nxg2+ $4 20. Kf2
fxe5 (20... Bxd4+ $2 21. cxd4 {פg2}) 21. fxe5 Rhf8 22. Kxg2 Be4 23. Rhf1 Bxd4
24. cxd4 Rxd4 25. Be3 Rd3 26. Rae1 g5 27. Kg3 h5 28. Nxg5 $1 {Livshits,G} h4+ (
28... Rxf1 29. Rxf1 Rxe3+ 30. Kf4 $18) 29. Kg4 Rxf1 30. Rxf1 Rxe3 31. Kf4 $18)
20. Nxc2 $8 ({This leads to inevitable material losses:} 20. Ke2 $2 Bxd4 21.
Nxd4 Bg4+) 20... Bxc2 21. b4 $1 Bb6 $140 (21... Be7 $5 $44) 22. c4 {[%csl Rb6]
[%cal Gc4c5]} Bd4 $1 (22... c6 $6 23. c5 Bc7 24. Bc3 Rd3 25. Bb2 {/\Rc1 +/=/=})
23. Rc1 ({White can't equalize the position with the following exchange:} 23.
Nxd4 Rxd4 24. Be3 (24. Rc1 Bg6 $36) 24... Rxc4 25. exf6 gxf6 26. Rc1 Rd8 27.
Kf2 Rd3 $15) 23... Bg6 24. Bc3 $1 {After thinking for a while, Gaby found an
original defense!} (24. Nxd4 $143 Rxd4 25. Be3 Re4 26. Kf2 fxe5 27. g3 Re8 $15)
24... Be3 $140 25. Bd2 (25. Rd1 $143 Rxd1+ 26. Kxd1 Bxf4 27. exf6 Rd8+ $36)
25... Bxd2+ $6 {After all, I decided not to go for the correct continuation...}
(25... Rxd2 $1 {...because I couldn't calculate it through:} 26. Nxd2 Rd8 27.
Rd1 (27. Nb3 $2 Bxc1 28. Nxc1 fxe5 29. fxe5 Rd4 $15) 27... Bc2 28. Ke2 (28. e6
$2 Bxd1 29. e7 Re8 30. Kxd1 Bxf4 {קe7 -/+}) 28... Bxf4 29. exf6 gxf6 {(I
finished my calculations on this position, and couldn't estimate it correctly)}
30. h3 $1 (30. Nf3 $2 Re8+ 31. Kf2 Be3+ 32. Ke2 (32. Kg3 $2 Rg8+ 33. Kh4 (33.
Kh3 $2 Bf5+ 34. g4 $8 (34. Kh4 Rg4+ 35. Kh3 (35. Kh5 Rg6 {/\Rh6#}) 35... Bf2 {
/\Rh4#} 36. g3 Rxg3+ 37. Kh4 Rh3#) 34... Bxg4+ 35. Kg2 Bh5+ 36. Kh3 Bxf3 $19)
33... Bxd1 34. Rxd1 Rxg2 {-/+/-+}) 32... Bc5+ 33. Kd2 Bxd1 34. bxc5 Bxf3 35.
gxf3 Rg8 {=/+/-/+}) (30. g3 $2 Re8+ 31. Kf2 (31. Kf3 $4 Bxd2 32. Rxd2 Be4+ {
[%csl Rf3,Rh1]}) 31... Be3+ 32. Ke2 Bc5+ $17) 30... Rd4 31. a3 Bxd1+ 32. Rxd1
Bxd2 33. Rxd2 Rxc4 $15) ({I could repeat the position if I want it:} 25... Bd4
26. Bc3 Be3 {and so on.}) 26. Nxd2 fxe5 {Now, my initiative is only enough to
equalize the game, not more than that.} (26... Rd4 27. Rf1 Re8 28. Rf2 $1 fxe5
29. fxe5 Rxe5+ 30. Re2 $11) 27. fxe5 Rhe8 28. Nf3 Be4 29. O-O $1 {Quite often
it appears that castling, even so late in the game - is the strongest move in
the position.} Bxf3 30. Rxf3 Rxe5 $11 31. Rf7 Rd7 (31... Rg5 $2 32. Re1 {
[%csl Rc7,Rc8,Rg7][%cal Ge1e7]} Rg4 33. Ree7 Rxc4 34. Rxg7 {It could only be
worse.}) 32. Rf8+ {White can't stop repeating moves as well:} (32. Rcf1 $6 c5
$1 {[%csl Ra2,Rb4,Rc4]}) 32... Rd8 33. Rf7 Rd7 {We won the championship ahead
of time, even before this match, the 3rd year in a row easily. And so, for the
5th time, with my Beer Sheva team, I became the Israeli Champion.} 1/2-1/2

[Event "Yerevan zt 1.5"]
[Site "Yerevan"]
[Date "2000.06.13"]
[Round "7"]
[White "Asrian, Karen"]
[Black "Gelashvili, Tamaz"]
[Result "1-0"]
[WhiteElo "2572"]
[BlackElo "2514"]
[Annotator "Hecht,H"]
[PlyCount "101"]
[EventDate "2000.06.07"]
[EventType "swiss"]
[EventRounds "9"]
[EventCountry "ARM"]
[SourceTitle "CBM 078"]
[Source "ChessBase"]
[SourceDate "2000.10.18"]
[SourceVersion "1"]
[SourceVersionDate "2000.10.18"]
[SourceQuality "1"]

1. e4 d6 2. d4 Nf6 3. Nc3 Nbd7 4. Nf3 e5 5. Bc4 Be7 6. O-O O-O 7. Re1 c6 8. a4
b6 9. Ba2 a6 10. Bg5 Qc7 11. Nh4 exd4 12. Nf5 dxc3 13. Nxe7+ Kh8 14. bxc3 Ne5
15. Nxc8 Raxc8 16. f4 Ned7 17. Bc4 Rce8 18. Bd3 Nc5 19. Qf3 Nfd7 20. Bh4 f6 21.
Qh5 Nxd3 22. cxd3 Nc5 23. Qf3 b5 24. axb5 cxb5 25. Reb1 Rb8 26. d4 Na4 27. Be1
Rfe8 28. Qd3 Qc6 29. c4 bxc4 30. Qc2 Rxb1 31. Rxb1 Nb6 32. d5 Qc7 33. Bf2 Nd7
34. Qa4 c3 35. Qxa6 c2 36. Rc1 Rc8 37. h3 Kg8 38. Kh2 Kf7 39. Bd4 Nc5 40. Qb5
Nxe4 41. Qe2 Qe7 42. Rxc2 Rxc2 43. Qxc2 f5 44. Qc8 Kg6 45. g4 Qf7 {[#]
Übergang in ein gewonnenes Bauernendspiel} 46. h4 $1 ({sofort} 46. Qe6+ Qxe6
47. dxe6 Nf6 48. Bxf6 Kxf6 49. gxf5 g6 $1 50. fxg6 hxg6 51. Kg3 Kxe6 52. Kf3
Kf5 53. Ke3 d5 54. Kd4 Kxf4 55. Kxd5 Kg3 56. Ke6 Kxh3 57. Kf6 $11 {sticht noch
nicht}) 46... h5 47. Qe6+ $1 Qxe6 48. dxe6 d5 (48... hxg4 49. h5+ Kxh5 50. e7
Nf6 51. Bxf6 $18) (48... fxg4 49. f5+ Kxf5 50. e7 Nf6 51. Bxf6 $18) (48... Nf6
49. Bxf6 Kxf6 50. gxf5 $18) 49. Be5 $1 {[%csl Gd6,Gf6][%cal Rg4h5,Rg4f5]} Nf6
50. Bxf6 Kxf6 51. gxf5 (51. gxf5 g6 52. fxg6 Kxe6 53. f5+ Kf6 54. Kg3 $18) 1-0

[Event "Pamplona 9495 5th"]
[Site "Pamplona"]
[Date "1994.??.??"]
[Round "?"]
[White "Topalov, Veselin"]
[Black "Franco Ocampos, Zenon"]
[Result "1/2-1/2"]
[WhiteElo "2630"]
[BlackElo "2490"]
[Annotator "Hecht,H"]
[PlyCount "130"]
[EventDate "1994.12.??"]
[EventType "tourn"]
[EventRounds "9"]
[EventCountry "ESP"]
[EventCategory "13"]
[SourceTitle "CBM 046"]
[Source "ChessBase"]
[SourceDate "1995.06.01"]
[SourceVersion "1"]
[SourceVersionDate "1995.06.01"]
[SourceQuality "1"]

1. e4 e5 2. Nf3 d6 3. d4 Nd7 4. Bc4 c6 5. O-O Be7 6. dxe5 dxe5 7. Ng5 Bxg5 8.
Qh5 Qe7 9. Qxg5 Qxg5 10. Bxg5 Ngf6 11. f3 b5 12. Be2 Nb6 13. Nd2 Be6 14. b3
Nfd7 15. Rfc1 f6 16. Be3 Ke7 17. c4 bxc4 18. Nxc4 Nxc4 19. Bxc4 Bxc4 20. Rxc4
Rhc8 21. Rac1 Kd6 22. h4 Nb6 23. Rc5 Rc7 24. Ra5 Nd7 25. Kf2 a6 26. Rd1+ Ke6
27. g3 Rb7 28. Ra4 a5 29. Rc4 Ra6 30. Rd2 Rb4 31. Rc1 Rb7 32. h5 a4 33. bxa4 c5
34. Bxc5 Nxc5 35. Rxc5 Rxa4 36. g4 h6 37. Kg3 Rba7 38. Rdc2 Kf7 (38... Rxa2 39.
Rxa2 Rxa2 40. Rc7 Ra8 41. Rxg7 Rh8 42. f4 exf4+ 43. Kxf4 Ra8 44. Rh7 Ra1 45.
Rxh6 Kf7 (45... Rf1+ 46. Ke3 Re1+ 47. Kf3 Rf1+ 48. Ke2 Rf4 49. g5 Rxe4+ (49...
Ke5 50. Rxf6 Rxf6 51. gxf6 Kxf6 52. Ke3 Kg5 53. Kd4 Kxh5 54. Ke5 $18) 50. Kf3
Rh4 51. Rxf6+ Ke5 52. h6 $18) 46. Rh7+ Kg8 47. Rd7 Rf1+ 48. Kg3 Rg1+ 49. Kf3
Rf1+ {Remis? - Analyse!}) 39. Rc7+ Rxc7 40. Rxc7+ Kg8 41. Rc2 Ra3 42. Kf2 Kf7
43. Ke2 g5 44. Rb2 Kf8 45. Kd2 Rxf3 46. a4 Ke7 47. a5 Kd6 48. Rb6+ Kc5 49. Kc2
Ra3 50. Ra6 Kb5 51. Rxf6 Rxa5 52. Rxh6 (52. Kb3 Ra4 53. Rxh6 Rxe4) 52... Kc4
53. Rc6+ (53. Rg6 Ra2+ 54. Kb1 Rh2 55. Rxg5 Kd4 56. Rg6 Kxe4 57. h6 Kf4 58. Kc1
e4 59. Kd1 e3 60. g5 e2+ 61. Kd2 Kf3 {siehe Partie}) 53... Kd4 54. Rg6 Ra2+ 55.
Kb3 Rh2 56. Rxg5 Kxe4 57. Rg6 Kf3 58. h6 e4 59. g5 e3 60. Kc3 e2 61. Kd2 Rh1
62. Re6 Kf4 63. g6 e1=Q+ 64. Rxe1 Rxh6 65. g7 Rg6 1/2-1/2

[Event "LTU-ch"]
[Site "Vilnius"]
[Date "2002.05.22"]
[Round "8"]
[White "Zapolskis, Antanas J"]
[Black "Zagorskis, Darius"]
[Result "0-1"]
[WhiteElo "2397"]
[BlackElo "2469"]
[Annotator "Hecht,H"]
[PlyCount "94"]
[EventDate "2002.05.17"]
[EventType "tourn"]
[EventRounds "11"]
[EventCountry "LTU"]
[EventCategory "9"]
[SourceTitle "CBM 090"]
[Source "ChessBase"]
[SourceDate "2002.09.20"]
[SourceVersion "1"]
[SourceVersionDate "2002.09.20"]
[SourceQuality "1"]

1. e4 d6 2. d4 Nf6 3. Nc3 e5 4. Nf3 Nbd7 5. Bc4 Be7 6. O-O O-O 7. Re1 c6 8. a4
b6 9. dxe5 dxe5 10. Qe2 Bb4 11. Ba6 Bxc3 12. bxc3 Bxa6 13. Qxa6 Qc7 14. Qc4 a6
15. Nh4 b5 16. Qe2 Rfe8 17. Nf5 Re6 18. Qf3 Nb6 19. a5 Nc4 20. Rd1 Nd6 21. Ng3
Rd8 22. Be3 Nc4 23. Nf5 g6 24. Nh6+ Kg7 25. Bg5 Rxd1+ 26. Rxd1 Rd6 27. Bxf6+
Rxf6 28. Qh3 Rd6 29. Re1 Qd7 30. Ng4 h5 31. Ne3 Qxh3 32. gxh3 Nxe3 33. Rxe3 {
[#] Eklatante weiße Bauernschwächen} Rd2 34. Rd3 Rxc2 (34... Rxd3 35. cxd3 c5
36. Kf1 h4 $19 {[%cal Rg7f6,Rf6g5,Rg5f4,Rf7f5]}) 35. Rd7 Rxc3 36. Ra7 Ra3 37.
Rxa6 c5 38. Rc6 c4 39. a6 c3 40. Kf1 b4 41. Ke2 b3 $1 42. Rxc3 b2 43. Rxa3 b1=Q
{[%csl Ra3,Re4][%cal Rb1b2]} 44. Kf3 (44. Ra5 Qb4 {mit Turmgewinn}) 44... Qb4
45. Re3 Qa4 46. h4 Qxa6 47. Kg2 Qf6 0-1

[Event "United Insurance 5th"]
[Site "Dhaka"]
[Date "2001.03.01"]
[Round "10"]
[White "Hossain, Enamul"]
[Black "Murshed, Niaz"]
[Result "1/2-1/2"]
[WhiteElo "2323"]
[BlackElo "2457"]
[Annotator "Hecht,H"]
[PlyCount "122"]
[EventDate "2001.02.19"]
[EventType "tourn"]
[EventRounds "13"]
[EventCountry "BAN"]
[EventCategory "8"]
[SourceTitle "CBM 082"]
[Source "ChessBase"]
[SourceDate "2001.05.17"]
[SourceVersion "1"]
[SourceVersionDate "2001.05.17"]
[SourceQuality "1"]

1. e4 d6 2. d4 e5 3. Nf3 exd4 4. Qxd4 Bd7 5. Bg5 Nf6 6. Qd2 Be7 7. Nc3 Nc6 8.
O-O-O Be6 9. Bb5 O-O 10. Bxc6 bxc6 11. Nd4 Qd7 12. f3 a5 13. g4 Rfb8 14. Rhg1
a4 15. Nf5 Bd8 16. e5 Ne8 17. Bxd8 Qxd8 18. a3 d5 19. Qd4 Qd7 20. Ne3 c5 21.
Qxc5 c6 22. Rd4 Qc7 23. Rxa4 Rxa4 24. Nxa4 Qxe5 25. Rd1 Qxh2 26. Qd4 Qg3 27.
Rf1 Nd6 28. c4 Nxc4 29. Nxc4 dxc4 30. Nc3 h6 31. a4 Qg2 32. Qf2 Qxf2 33. Rxf2
Kf8 34. Kc2 Ke7 35. Rf1 g6 36. Rh1 Rh8 37. a5 Kd6 38. Ne4+ Kc7 39. Kc3 h5 40.
Ng5 Bd5 41. Rh4 Kb7 42. Ne4 Ka6 43. Nd6 Kxa5 44. Nxc4+ Bxc4 45. Kxc4 Kb6 46. f4
Kc7 47. f5 Kd6 48. fxg6 fxg6 49. b4 Ke5 50. gxh5 {[#] Der Turm deckt den
Freibauern von hinten} gxh5 51. Kc5 Rh6 52. Kc4 Kf5 53. Kd3 Kg5 54. Rc4 h4 $6 {
Nach diesem Zug eilt der weiße König zum h-Bauern und remisiert, weil am
Damenflügel alles aufgelöst werden kann.} ({Deshalb kam} 54... Re6 $5 {mit
vertikaler Sperre in Betracht} 55. b5 cxb5 56. Rc5+ Kg4 57. Rxb5 h4 58. Rb8 h3
59. Rg8+ Kh5 60. Rg1 (60. Rh8+ Rh6 61. Ra8 h2 62. Ra1 Kg4 $19) 60... Kh4 61.
Rg8 Rh6 $19) 55. Ke2 h3 56. Kf3 $1 h2 57. Rc5+ Kh4 58. Kg2 Kg4 59. Rc4+ Kf5 60.
Kh1 Ke5 61. b5 cxb5 1/2-1/2